000 00633nam a2200229Ia 4500
003 OSt
005 20230614153307.0
008 210423s2018 xx 000 0 und d
020 _a978-93-82956--96-9
040 _cAL
041 _aeng
082 _a546
_223
_bPURP
100 _aPURI (B R);SHARMA (L R);KALIA (K C)
_987630
245 _aPrinciples of inorganic chemistry Ed 33
250 _a33
260 _aDelhi
_bVishal Publishing Co
_c2018
300 _axii,1170,v
_bPB
365 _b755
_cINR
650 _aInorganic Chemistry
_987631
906 _a2018-19 ; 33 ; chemistry ; inorganic ; Principles
942 _2ddc
_cBK
999 _c169853
_d169853